[Event "Liege Soultanbeieff op"]
[Site "Liege"]
[Date "2012.03.30"]
[Round "7"]
[White "Moch, Jean"]
[Black "Marchal, Georges"]
[Result "0-1"]
[WhiteElo "1195"]
[BlackElo "1416"]
[PlyCount "78"]
[EventDate "2012.01.27"]
[EventType "swiss"]
[EventRounds "9"]
[EventCountry "BEL"]
[SourceTitle "EXT 2013"]
[Source "ChessBase"]
[SourceDate "2012.11.22"]
[SourceVersion "1"]
[SourceVersionDate "2012.11.22"]
[SourceQuality "1"]

1. d4 d5 2. Nc3 Nf6 3. Nf3 c6 4. Bg5 e6 5. e3 Be7 6. Bd3 0-0 7. Bxf6 Bxf6 8. Ne5 g6 9. Ng4 Bg7 10. Qd2 Nd7 11. 0-0-0 f5 12. Ne5 Nxe5 13. dxe5 Bxe5 14. f4 Bg7 15. h4 e5 16. h5 e4 17. Be2 Be6 18. hxg6 hxg6 19. Rh2 Kf7 20. Rh7 Rh8 21. Rxg7+ Kxg7 22. Qe1 Qh4 23. Qd2 Qf2 24. Qd4+ Kf7 25. g4 fxg4 26. Rf1 Qh4 27. Bxg4 Bxg4 28. Qe5 Qe7 29. Qxe7+ Kxe7 30. Na4 b6 31. c4 Rh3 32. Re1 dxc4 33. Nc3 Bf3 34. Kb1 Rh1 35. Rxh1 Bxh1 36. Ne2 Rd8 37. a3 Rd3 38. Ng3 Rxe3 39. f5 Rxg3 0-1